Biggest Lakes In Every US State - Statistics

General Stats
  • This quiz has been taken 41 times
  • The average score is 6 of 48
Answer Stats
Miles (Squared) US State Answer % Correct
62 Utah Salt
73%
730 Florida Okeechobee
57%
215 Wisconsin Winnebago
50%
631 Louisiana Pontchartrain
43%
343 California Salton
43%
444 Minnesota Red
33%
136 Wyoming Yellowstone
27%
188 Nevada Pyramid
23%
80 New York Oneida
20%
383 Montana Fort Peck
17%
1,014 Alaska Iliamna
17%
39 Massachusetts Quabbin
17%
575 North Dakota Sakakawea
17%
71 New Hampshire Winnipesaukee
17%
117 Maine Moosehead
13%
6 Maryland Deep Creek
10%
96 Oregon Klamath
10%
125 Washington Roosevelt
10%
179 Texas Sam Rayburn
10%
4 West Virginia Summersville
10%
34 Arizona Theodore Roosevelt
10%
41 Illinois Carlyle
7%
158 Oklahoma Eufaula
7%
55 Mississippi Grenada
7%
108 Alabama Guntersville
7%
4 New Jersey Hopatcong
7%
31 Michigan Houghton
7%
59 Georgia Lanier
7%
174 South Carolina Marion
7%
8 Connecticut Candlewood
3%
102 Kentucky Cumberland
3%
57 New Mexico Elephant Butte
3%
158 South Dakota Francis Case
3%
20 Ohio Grand Lake St. Marys
3%
56 Nebraska McConaughy
3%
17 Indiana Monroe
3%
63 Arkansas Ouachita
3%
148 Idaho Pend Orielle
3%
13 Pennsylvania Raystown
3%
25 Iowa Red Rock
3%
32 Virginia Smith Mountain
3%
327 Missouri Truman
3%
62 Tennessee Watts Bar
3%
4 Vermont Bomoseen
0%
18 Colorado John Martin
0%
63 North Carolina Mattamuskeet
0%
25 Kansas Milford
0%
2 Rhode Island Ninigret Pond
0%
No matching quizzes found
Score Distribution
Percent of People with Each Score
Percentile by Number Answered
Your Score History
You have not taken this quiz